Mein Leben mit Papa und Papa (Titelsatznr. 1355)

[ MARC ]
MARC-Details
000 -LEADER
fixed length control field 02189pam a2200637 cc4500
001 - CONTROL NUMBER
control field 1310497524
003 - CONTROL NUMBER IDENTIFIER
control field DE-101
005 - DATE AND TIME OF LATEST TRANSACTION
control field 20250930111156.0
007 - PHYSICAL DESCRIPTION FIXED FIELD--GENERAL INFORMATION
fixed length control field tu
008 - FIXED-LENGTH DATA ELEMENTS--GENERAL INFORMATION
fixed length control field 231120s2024 gw ||||| |||| 00||||ger
015 ## - NATIONAL BIBLIOGRAPHY NUMBER
National bibliography number 24,A45
Canceled/invalid national bibliography number 23,N48
Source dnb
016 7# - NATIONAL BIBLIOGRAPHIC AGENCY CONTROL NUMBER
Source DE-101
Record control number 1310497524
020 ## - INTERNATIONAL STANDARD BOOK NUMBER
International Standard Book Number 9783741638107
Terms of availability Broschur : EUR 10.00 (DE), EUR 10.30 (AT)
020 ## - INTERNATIONAL STANDARD BOOK NUMBER
International Standard Book Number 3741638102
024 3# - OTHER STANDARD IDENTIFIER
Standard number or code 9783741638107
035 ## - SYSTEM CONTROL NUMBER
System control number (DE-599)DNB1310497524
035 ## - SYSTEM CONTROL NUMBER
System control number (OCoLC)1466967615
040 ## - CATALOGING SOURCE
Original cataloging agency 1245
Language of cataloging ger
Transcribing agency DE-101
Modifying agency 1240
Description conventions rda
041 ## - LANGUAGE CODE
Language code of text/sound track or separate title ger
Language code of original jpn
044 ## - COUNTRY OF PUBLISHING/PRODUCING ENTITY CODE
ISO country code XA-DE-BW
082 74 - DEWEY DECIMAL CLASSIFICATION NUMBER
Classification number 741.5
Assigning agency DE-101
Edition number 23sdnb
100 0# - MAIN ENTRY--PERSONAL NAME
Authority record control number or standard number (DE-588)1333855117
-- https://d-nb.info/gnd/1333855117
-- (DE-101)1333855117
Personal name Roji
Relator term Verfasser
Relationship aut
Source of heading or term gnd
245 10 - TITLE STATEMENT
Title Mein Leben mit Papa und Papa
Number of part/section of a work 1
Statement of responsibility, etc. Roji
250 ## - EDITION STATEMENT
Edition statement 1. Auflage
264 31 - PRODUCTION, PUBLICATION, DISTRIBUTION, MANUFACTURE, AND COPYRIGHT NOTICE
Place of production, publication, distribution, manufacture Stuttgart
Name of producer, publisher, distributor, manufacturer Panini Manga
Date of production, publication, distribution, manufacture, or copyright notice [2024]
300 ## - PHYSICAL DESCRIPTION
Extent circa 180 Seiten
Dimensions 223 g
Accompanying material 1 Sammelpostkarte
336 ## - CONTENT TYPE
Content type term Text
Content type code txt
Source rdacontent
336 ## - CONTENT TYPE
Content type term unbewegtes Bild
Content type code sti
Source rdacontent
337 ## - MEDIA TYPE
Media type term ohne Hilfsmittel zu benutzen
Media type code n
Source rdamedia
338 ## - CARRIER TYPE
Carrier type term Band
Carrier type code nc
Source rdacarrier
653 ## - INDEX TERM--UNCONTROLLED
Uncontrolled term (Produktform)Paperback / softback
653 ## - INDEX TERM--UNCONTROLLED
Uncontrolled term (Zielgruppe)ab 16 Jahre
653 ## - INDEX TERM--UNCONTROLLED
Uncontrolled term (Lesealter)ab 16 Jahre
653 ## - INDEX TERM--UNCONTROLLED
Uncontrolled term (Produktform (spezifisch))Unflipped manga format
653 ## - INDEX TERM--UNCONTROLLED
Uncontrolled term Baby
653 ## - INDEX TERM--UNCONTROLLED
Uncontrolled term Manga
653 ## - INDEX TERM--UNCONTROLLED
Uncontrolled term Romance
653 ## - INDEX TERM--UNCONTROLLED
Uncontrolled term Yaoi
653 ## - INDEX TERM--UNCONTROLLED
Uncontrolled term Shonen Ai
653 ## - INDEX TERM--UNCONTROLLED
Uncontrolled term Slice of life
653 ## - INDEX TERM--UNCONTROLLED
Uncontrolled term Boys Love
653 ## - INDEX TERM--UNCONTROLLED
Uncontrolled term F24
653 ## - INDEX TERM--UNCONTROLLED
Uncontrolled term Shounen Ai
653 ## - INDEX TERM--UNCONTROLLED
Uncontrolled term Queer
653 ## - INDEX TERM--UNCONTROLLED
Uncontrolled term LGBTQ
653 ## - INDEX TERM--UNCONTROLLED
Uncontrolled term LGBTQIA+
653 ## - INDEX TERM--UNCONTROLLED
Uncontrolled term Familie
653 ## - INDEX TERM--UNCONTROLLED
Uncontrolled term (VLB-WN)1182: Hardcover, Softcover / Belletristik/Comic, Cartoon, Humor, Satire/Manga, Manhwa
655 #7 - INDEX TERM--GENRE/FORM
Authority record control number or standard number (DE-588)4010427-8
-- https://d-nb.info/gnd/4010427-8
-- (DE-101)040104273
Genre/form data or focus term Comic
Source of term gnd-content
700 1# - ADDED ENTRY--PERSONAL NAME
Field link and sequence number 1\p
Personal name Lange, Markus
Relator term Übersetzer
Relationship trl
773 08 - HOST ITEM ENTRY
Enumeration and first page 11
Record control number (DE-101)1333855400
856 42 - ELECTRONIC LOCATION AND ACCESS
Contact for access assistance X:MVB
Electronic format type text/html
Uniform Resource Identifier <a href="http://deposit.dnb.de/cgi-bin/dokserv?id=1ca4ef5f5caf432fa4db1078b8177dea&prov=M&dok_var=1&dok_ext=htm">http://deposit.dnb.de/cgi-bin/dokserv?id=1ca4ef5f5caf432fa4db1078b8177dea&prov=M&dok_var=1&dok_ext=htm</a>
Materials specified Inhaltstext
883 2# - METADATA PROVENANCE
Field link and sequence number 1\p
Creation process dnb
Creation date 20250526
Assigning or generating agency DE-101
Uniform Resource Identifier https://d-nb.info/provenance/plan#dnb
942 ## - ADDED ENTRY ELEMENTS (KOHA)
Source of classification or shelving scheme Dewey Decimal Classification
Koha item type Manga
Suppress in OPAC No
Exemplare
Withdrawn status Lost status Source of classification or shelving scheme Damaged status Not for loan Home library Current library Shelving location Date acquired Total checkouts Barcode Date last seen Price effective from Koha item type
    Dewey Decimal Classification     Bunte Manga Potsdam Bunte Manga Potsdam Romance - Boy's Love 09/30/2025   1337 09/30/2025 09/30/2025 Manga

Powered by Koha